000 01048nam a2200301 i 4500
003 DO-SdBNP
005 20260427090958.0
007 ta
008 260423b1999 dr ||||| |||| 00| 0 spa d
040 _aDO-SdBNP
_bspa
_cBNPHU
_erda
041 _aspa
082 4 _axxx
_bR426c 1999
_222
110 1 _4República Dominicana
240 1 0 _a[Leyes, etc.]
245 1 0 _aCódigo del menor, reglamento :
_bampliado con ley núm. 24-97, que lo modifica y complementa /
_cJuan Pablo Acosta y Trabajo Vidal Potentini ; edición, Héctor B. Guzmán.
250 _aPrimera edición de bolcillo
264 _aMoca, República Dominicana :
_bEditora Dalís,
_c1999.
300 _a152 páginas ;
_c14 cm.
336 _atexto
_btxt
_2rdacontent
337 _asin mediación
_bn
_2rdamedia
338 _avolumen
_bnc
_2rdacarrier
590 _aInventariado, 2026 /LP
700 1 _aAcosta, Juan Pablo
_911716
700 1 _aVidal Potentini, Trabajo
_989404
700 1 _aGuzmán, Héctor B.
_eedición
_4ed.
_917989
910 _aLP
942 _2ddc
_cLBS1
999 _c60611
_d60611